| 000 | 00880nam a2200229Ia 4500 | ||
|---|---|---|---|
| 005 | 20250622124037.0 | ||
| 008 | 250617s9999||||xx |||||||||||||| ||ara|| | ||
| 017 |
_a13591 _bمصر. دار الكتب |
||
| 020 | _a9789778812329 | ||
| 082 | 0 | 4 |
_a"383,49" _bس ب |
| 100 | 0 | _aسماح أنور معوض محمود | |
| 245 | 1 | 0 |
_aالبريد فى الدويلات المستقلة فى المشرق الإسلامى ( 205 - 590هـ / 820 - 1193م ) / _cإعداد سماح أنور معوض محمود |
| 250 | _aط1 | ||
| 260 | 3 |
_aالقاهرة : _b"دار العلا للنشر والتوزيع," _c2025. |
|
| 300 |
_a309ص ؛ _b _c24سم. |
||
| 650 | _aالاتصالات والمواصلات | ||
| 650 | _aالبريد | ||
| 650 |
_aالبريد _x أجهزة ومعدات |
||
| 650 |
_aالبريد _x ميكنة |
||
| 942 | _cBK | ||
| 999 |
_c67680 _d67680 |
||